Statistics for Taylor Swift Timeless lyrics

Click here to take the quiz!

General Stats

  • This quiz has been taken 309 times
  • The average score is 396 of 524

Answer Stats

Answer% Correct
I
99%
a
98%
an
97%
In
97%
in
97%
The
96%
the
96%
And,
95%
and
95%
And
95%
Time
93%
time
93%
to
93%
we
93%
We
93%
me
91%
on
91%
On
91%
so
91%
So,
91%
timeless,
91%
timeless"
91%
timeless
91%
you
91%
You
91%
We're
90%
were
90%
be
89%
by
89%
antique
87%
been
87%
down
87%
Down
87%
head
87%
my
87%
my,
87%
said
87%
said,
87%
shop
87%
war
87%
was
87%
would
87%
mine
86%
would've
86%
1944
85%
fight
85%
love,
85%
love
85%
There
85%
walked
85%
"Stop,"
84%
have
83%
of
83%
somethin'
83%
street
83%
still
82%
crowded
81%
something
81%
that
81%
there's
81%
another
80%
block,
80%
your
80%
if
79%
saw
79%
for
78%
off
78%
let
77%
cents
76%
twentyfive
76%
It
75%
it
75%
each
74%
each"
74%
even
74%
Even
74%
man
74%
"Photos:
74%
photos
74%
photos,
74%
when
74%
every
73%
life
73%
life,
73%
box
72%
letters
72%
marry
72%
night
72%
us
72%
met
71%
single
71%
this
71%
find
69%
first
68%
read
68%
sign
67%
we'd
67%
forced
66%
God
66%
you'd
65%
all
63%
know
63%
land
63%
counter
62%
different
62%
fine
62%
home
62%
prayed
62%
supposed
62%
old
61%
1958
60%
But
60%
Don't
60%
don't
60%
foreign
60%
back
59%
'Cause
59%
believe
58%
cardboard
58%
couple
58%
headed
58%
like
58%
comin'
57%
kind
57%
it's
56%
those
56%
lifetime
55%
other
55%
right
55%
their
55%
once
54%
only
54%
say,
54%
face
53%
house
53%
ago,
52%
ago
52%
found
52%
gonna
52%
instead
52%
is
52%
no
52%
"Oh
52%
porch
52%
put
52%
that's
52%
That's
52%
they
52%
turned
52%
way
52%
years
52%
explain
50%
I'd
50%
stood
50%
1500s
49%
hard
49%
You're
49%
did
48%
had
48%
just
48%
kinda
48%
lovers
48%
our
48%
really
48%
Black
47%
book
47%
I'm
47%
white,
47%
'30s
46%
bride
46%
dance
46%
one
46%
same
46%
Story
46%
story
46%
date
45%
gray
45%
room
45%
teenage
45%
driveway
44%
fell
44%
hair
44%
made
44%
mind
44%
you'll
44%
called
43%
covered
43%
fate
42%
laughin'
42%
Which
42%
few
41%
turnin'
41%
away
40%
body
40%
cobwebs
40%
forgot
40%
Hundreds
40%
left
40%
behind
39%
breaks
39%
die
39%
eye
39%
romance
39%
apart
38%
brought
38%
proof,
38%
run
38%
short
38%
soul
38%
torn
38%
We'll
38%
always
37%
started
37%
"Hello"
36%
sometimes
36%
thought
36%
somehow,
35%
things
35%
age-
34%
came
34%
caught
34%
hands
34%
Holdin'
34%
precious
34%
smile
34%
touch
34%
we've
34%
as
33%
about
32%
classic
32%
'round
29%
upon
28%
lookin'
26%
school
16%
At these
13%

Score Distribution

Percentile by Number Answered

Percent of People with Each Score

Your Score History

You have not taken this quiz